<?xml version="1.0" encoding="UTF-8"?>
<collection xmlns="http://www.loc.gov/MARC21/slim">
<record>
  <controlfield tag="001">171608</controlfield>
  <controlfield tag="005">20260526101855.0</controlfield>
  <datafield tag="037" ind1=" " ind2=" ">
    <subfield code="a">TESIS-2026-065</subfield>
  </datafield>
  <datafield tag="041" ind1=" " ind2=" ">
    <subfield code="a">eng</subfield>
  </datafield>
  <datafield tag="100" ind1="1" ind2=" ">
    <subfield code="a">Montesino Redondo, Lorena</subfield>
  </datafield>
  <datafield tag="245" ind1="0" ind2="0">
    <subfield code="a">Digital printing of light-driven liquid crystal elastomers toward bioinspired functions and biomedical devices</subfield>
  </datafield>
  <datafield tag="260" ind1=" " ind2=" ">
    <subfield code="a">Zaragoza</subfield>
    <subfield code="b">Universidad de Zaragoza, Prensas de la Universidad</subfield>
    <subfield code="c">2026</subfield>
  </datafield>
  <datafield tag="300" ind1=" " ind2=" ">
    <subfield code="a">251</subfield>
  </datafield>
  <datafield tag="490" ind1="0" ind2=" ">
    <subfield code="a">Tesis de la Universidad de Zaragoza</subfield>
    <subfield code="x">2254-7606</subfield>
    <subfield code="v">2026-65</subfield>
  </datafield>
  <datafield tag="500" ind1=" " ind2=" ">
    <subfield code="a">Presentado:  12 01 2026</subfield>
  </datafield>
  <datafield tag="502" ind1=" " ind2=" ">
    <subfield code="a">Tesis-Univ. Zaragoza,  , 2026</subfield>
    <subfield code="b">Zaragoza, Universidad de Zaragoza</subfield>
    <subfield code="c">2026</subfield>
  </datafield>
  <datafield tag="520" ind1=" " ind2=" ">
    <subfield code="a">La robótica ha perseguido desde sus orígenes la imitación de los movimientos observados en la naturaleza. Esta aspiración ha impulsado el desarrollo de la robótica blanda, que emplea materiales flexibles y deformables capaces de reproducir comportamientos naturales con mayor precisión. Dentro de este campo, los materiales inteligentes destacan por su capacidad de responder de forma predecible a estímulos externos. Entre ellos, los elastómeros cristal líquido (LCEs) han emergido como candidatos especialmente prometedores debido a su combinación de propiedades anisótropas, elasticidad y capacidad de actuación reversible mediante calor, luz o campos eléctricos y magnéticos.&lt;br />Esta tesis se centra en el desarrollo de una plataforma de LCEs fotosensibles compatibles con técnicas de impresión 4D, con el fin de generar actuadores capaces de mostrar modos avanzados de deformación inducidos por luz visible. Para ello, se ha formulado una tinta precursora basada en un cromóforo de perileno que permite activar el efecto fototérmico mediante luz verde, simultáneamente generando especies radicalarias sensibles a luz roja. Esta dualidad posibilita el desarrollo de actuadores reconfigurables que presentan distintos modos de actuación bajo un mismo estímulo luminoso.&lt;br />Con el propósito de acercar estos materiales a aplicaciones bioinspiradas y biomédicas, se han explorado modificaciones químicas que permiten reducir la temperatura de actuación hasta valores cercanos a la temperatura ambiente. Los materiales obtenidos muestran capacidad multimodal y reconfigurable, que se ha demostrado en dos prototipos funcionales. El primero es un sistema clasificador de objetos basado en sus propiedades ópticas, que ilustra el potencial de estos actuadores para sensar y responder a estímulos luminosos. El segundo consiste en una aplicación biomédica, que nos permite resaltar el potencial de estos materiales en el campo&lt;br /></subfield>
  </datafield>
  <datafield tag="506" ind1=" " ind2=" ">
    <subfield code="a">by-nc</subfield>
    <subfield code="b">Creative Commons</subfield>
    <subfield code="c">3.0</subfield>
    <subfield code="u">http://creativecommons.org/licenses/by-nc/3.0/es</subfield>
  </datafield>
  <datafield tag="520" ind1=" " ind2=" ">
    <subfield code="a">Robotics has pursued, since its inception, the imitation of movements observed in nature. This aspiration has driven the development of soft robotics, which employs flexible and deformable materials capable of reproducing natural behaviors with greater precision. Within this field, smart materials stand out for their ability to respond predictably to external stimuli. Among them, liquid crystal elastomers (LCEs) have emerged as particularly promising candidates due to their combination of anisotropic properties, elasticity, and the ability to be reversibly actuated by heat, light, or electric and magnetic fields. This thesis focuses on the development of a photosensitive LCE platform compatible with 4D printing techniques, with the aim of generating actuators capable of exhibiting advanced deformation modes induced by visible light. To this end, a precursor ink based on a perylene chromophore has been formulated that allows the photothermal effect to be activated by green light, simultaneously generating red-light-sensitive radical species. This duality enables the development of reconfigurable actuators that exhibit different modes of operation under the same light stimulus. To bring these materials closer to bio-inspired and biomedical applications, chemical modifications have been explored that allow the actuation temperature to be reduced to values ​​close to room temperature. The resulting materials show multimodal and reconfigurable capabilities, which have been demonstrated in two functional prototypes. The first is an object classification system based on their optical properties, illustrating the potential of these actuators to sense and respond to light stimuli. The second is a biomedical application, highlighting the potential of these materials in this field.&lt;br /></subfield>
  </datafield>
  <datafield tag="521" ind1=" " ind2=" ">
    <subfield code="9">7098</subfield>
    <subfield code="a">Programa de Doctorado en Ingeniería Biomédica</subfield>
  </datafield>
  <datafield tag="653" ind1="1" ind2=" ">
    <subfield code="a">robótica blanda </subfield>
  </datafield>
  <datafield tag="653" ind1="1" ind2=" ">
    <subfield code="a">elastómeros de cristal líquido (lces) </subfield>
  </datafield>
  <datafield tag="653" ind1="1" ind2=" ">
    <subfield code="a">impresión 4d </subfield>
  </datafield>
  <datafield tag="653" ind1="1" ind2=" ">
    <subfield code="a">actuadores fotosensibles </subfield>
  </datafield>
  <datafield tag="653" ind1="1" ind2=" ">
    <subfield code="a">efecto fototérmico </subfield>
  </datafield>
  <datafield tag="653" ind1="1" ind2=" ">
    <subfield code="a">materiales bioinspirados </subfield>
  </datafield>
  <datafield tag="700" ind1=" " ind2=" ">
    <subfield code="a">Sánchez Somolinos, Carlos </subfield>
    <subfield code="e">dir.</subfield>
  </datafield>
  <datafield tag="710" ind1="2" ind2=" ">
    <subfield code="a">Universidad de Zaragoza</subfield>
    <subfield code="b"> </subfield>
  </datafield>
  <datafield tag="830" ind1=" " ind2=" ">
    <subfield code="9">510</subfield>
  </datafield>
  <datafield tag="856" ind1="0" ind2=" ">
    <subfield code="f">cdeurop@unizar.es</subfield>
  </datafield>
  <datafield tag="856" ind1="4" ind2=" ">
    <subfield code="u">http://zaguan.unizar.es/record/171608/files/TESIS-2026-065.pdf</subfield>
    <subfield code="z">info:eu-repo/date/embargoEnd/2028-01-12</subfield>
    <subfield code="s">54850363</subfield>
  </datafield>
  <datafield tag="909" ind1="C" ind2="O">
    <subfield code="o">oai:zaguan.unizar.es:171608</subfield>
    <subfield code="p">driver</subfield>
    <subfield code="p">tesis</subfield>
  </datafield>
  <datafield tag="910" ind1="2" ind2=" ">
    <subfield code="a">Ingeniería y Arquitectura</subfield>
    <subfield code="b"> </subfield>
  </datafield>
  <datafield tag="691" ind1=" " ind2=" ">
    <subfield code="a">8 9 17</subfield>
  </datafield>
  <datafield tag="692" ind1=" " ind2=" ">
    <subfield code="a">Fomentar el crecimiento económico sostenido, inclusivo y sostenible, el empleo pleno y productivo, y el trabajo decente para todos.	 Desarrollar infraestructuras resilientes, promover la industrialización inclusiva y sostenible, y fomentar la innovación.	 Fortalecer los medios de ejecución y reavivar la alianza mundial para el desarrollo sostenible.</subfield>
  </datafield>
  <datafield tag="540" ind1=" " ind2=" ">
    <subfield code="9">info:eu-repo/semantics/embargoedAccess</subfield>
  </datafield>
  <datafield tag="980" ind1=" " ind2=" ">
    <subfield code="a">TESIS</subfield>
  </datafield>
</record>
</collection>